000
00294nam a2200097Ia 4500
008
220204s9999 xx 000 0 und d
082
_a
339.5:31(058)
_b
INT.1
245
0
_a
1993 International trade statistics yearbook V1 : Trade by country
260
_a
New York
_b
United Nations
_c
1995
942
_c
BK
999
_c
40841
_d
40841